| 000 | 00628nam a2200181Ia 4500 | ||
|---|---|---|---|
| 003 | GCL | ||
| 008 | 140319s9999 xx 000 0 ara d | ||
| 040 |
_aGCL / _cGCL |
||
| 082 | 0 | 4 |
_a213 _bع م |
| 100 | 1 | _aعبدالحميد كشك | |
| 245 | 1 | 0 |
_aمنهج الدعوة الاسلامية : صبغه الداعة ونمازج خطب النبى صلى الله عليه وسلم / _cعبدالحميد كشك |
| 260 |
_a[S.N] : _bمكتبة التراث الاسلامى ، _c1991 |
||
| 300 | _a191 ص | ||
| 490 | _a | ||
| 650 | 0 | 4 | _aالدعوة الاسلامية |
| 650 | 0 | 4 | _aالخطب الدينية |
| 942 |
_2ddc _cBK |
||
| 999 |
_c35992 _d35992 |
||